000 00671nam a2200253Ia 4500
003 OSt
005 20220918163348.0
006 a|||||r|||| 00| 0
007 ta
008 220917b |||||||| |||| 00| 0 eng d
020 _a0 631 97710 4
024 _a32,908
037 _cTextual
040 _aARTS
_cARTS
_beng
041 _2eng
_aeng
082 _aO111,2J80,6:g, K6
100 _aJump John D
_912791
245 0 _aWhite devil and the duches of malfi
260 _aOxford
_bBasil
_c1966
300 _avii, 72p.
_ccm.
650 _aENGLISH LITERATURE
942 _hO111,2J80,6:g, K6
_cTEXL
_2CC
999 _c119212
_d119212